Media Sources Shared and Networking on Facebook. A Comparative Perspective

Dôležitosť populizmu vo vybraných krajinách v dlhodobej perspektíve (Francúzsko, Grécko, Taliansko a Slovensko), alebo počas relatívne kratšieho obdobia, ale s významným dopadom na krajinu. Prípadové štúdie zamerané na Francúzsko, Grécko, Taliansko, Slovensko, Poľsko, Turecko a Veľkú Britániu.

Guardado en:
Detalles Bibliográficos
Autor principal: Školkay, Andrej
Otros Autores: Marincea, Adina
Formato: Capítulo de libro
Lenguaje:inglés
Materias:
Etiquetas: Agregar Etiqueta
Sin Etiquetas, Sea el primero en etiquetar este registro!

MARC

LEADER 00000naa a2200000 4500
001 0282879
005 20220328082105.6
041 0 |a eng 
044 |a SK 
245 1 0 |a Media Sources Shared and Networking on Facebook. A Comparative Perspective  |c Andrej Školkay 
520 |a Dôležitosť populizmu vo vybraných krajinách v dlhodobej perspektíve (Francúzsko, Grécko, Taliansko a Slovensko), alebo počas relatívne kratšieho obdobia, ale s významným dopadom na krajinu. Prípadové štúdie zamerané na Francúzsko, Grécko, Taliansko, Slovensko, Poľsko, Turecko a Veľkú Britániu. 
610 2 0 |a populizmus 
610 2 0 |a médiá sociálne 
610 2 0 |a politika 
610 2 0 |a analýzy 
100 1 |a Školkay, Andrej 
700 1 |a Marincea, Adina